000 00761cam a22002653a 4500
001 788
003 PGUSA
005 20140828082953.0
008 970101s1997||||xxu|||||s|||||000 1 eng d
040 _aPGUSA
_beng
042 _adc
050 4 _aPS
100 1 _aLondon, Jack,
_d1876-1916
245 1 4 _aThe Red One
_h[electronic resource] /
_cJack London
260 _bProject Gutenberg,
_c1997
505 0 _aThe red one -- The hussy -- Like Argus of the ancient times -- The princess.
506 _aPublic domain in the USA.
516 _aElectronic text
653 _aShort stories
653 _aAdventure stories, American
653 _aFiction
830 0 _aProject Gutenberg
_v788
856 4 0 _uhttp://www.gutenberg.org/ebooks/788
942 _cEB
999 _c230139
_d230139